|
|
|
|
| LEADER |
01474nam a2200397Ia 4500 |
| 001 |
EBC918223 |
| 003 |
MiAaPQ |
| 005 |
20200520144314.0 |
| 006 |
m o d | |
| 007 |
cr cn||||||||| |
| 008 |
120719t20122013njua sb 001 0 eng d |
| 010 |
|
|
|z 2012026662
|
| 020 |
|
|
|z 9781118370605
|
| 020 |
|
|
|z 9781118420515
|
| 035 |
|
|
|a (MiAaPQ)EBC918223
|
| 035 |
|
|
|a (Au-PeEL)EBL918223
|
| 035 |
|
|
|a (CaPaEBR)ebr10605297
|
| 035 |
|
|
|a (CaONFJC)MIL395862
|
| 035 |
|
|
|a (OCoLC)801681574
|
| 040 |
|
|
|a MiAaPQ
|c MiAaPQ
|d MiAaPQ
|
| 050 |
|
4 |
|a HD30.28
|b .I83 2012
|
| 082 |
0 |
4 |
|a 658.4/038
|2 23
|
| 100 |
1 |
|
|a Isson, Jean Paul,
|d 1971-
|
| 245 |
1 |
0 |
|a Win with advanced business analytics
|h [electronic resource] :
|b creating business value from your data /
|c Jean Paul Isson, Jesse Harriott.
|
| 260 |
|
|
|a Hoboken, N.J. :
|b Wiley,
|c 2012, c2013.
|
| 300 |
|
|
|a xviii, 398 p. :
|b ill.
|
| 490 |
1 |
|
|a Wiley & SAS business series
|
| 504 |
|
|
|a Includes bibliographical references and index.
|
| 533 |
|
|
|a Electronic reproduction. Ann Arbor, MI : ProQuest, 2015. Available via World Wide Web. Access may be limited to ProQuest affiliated libraries.
|
| 650 |
|
0 |
|a Business planning.
|
| 650 |
|
0 |
|a Industrial management
|x Statistical methods.
|
| 655 |
|
4 |
|a Electronic books.
|
| 700 |
1 |
|
|a Harriott, Jesse.
|
| 710 |
2 |
|
|a ProQuest (Firm)
|
| 830 |
|
0 |
|a Wiley and SAS business series.
|
| 856 |
4 |
0 |
|u https://ebookcentral.proquest.com/lib/matrademy/detail.action?docID=918223
|z Click to View
|